| 000 | 01415pam a2200337 i 4500 | ||
|---|---|---|---|
| 001 | illustratedlibra00newy | ||
| 003 | CaSfIA | ||
| 005 | 20210118102248.0 | ||
| 007 | cr|||| | ||
| 008 | 740924s1974 nyua b 000 0 eng | ||
| 010 | _a 74022068 | ||
| 040 |
_aDLC _cDLC _dCaSfIA |
||
| 020 | _a0871970767 | ||
| 020 | _a9780871970763 | ||
| 035 | _a(OCoLC)1055659 | ||
| 050 | 0 |
_aTT157 _b.I43 |
|
| 082 | _a745.5 | ||
| 245 | 0 | 0 |
_aIllustrated library of arts and crafts. _h[electronic resource] |
| 260 |
_aNew York : _bFuller & Dees, _cc1974. |
||
| 300 |
_a4v. (832 p.) : _bill. (some col.) ; _c29 cm. |
||
| 500 | _aCover title: LeeWards illustrated library of arts and crafts. | ||
| 504 | _aIncludes bibliographies. | ||
| 650 | 0 | _aHandicraft. | |
| 740 | 0 | 1 | _aLeeWards illustrated library of arts and crafts. |
| 856 | 4 | 1 |
_uhttp://www.archive.org/details/illustratedlibra00newy _zFree eBook from the Internet Archive |
| 856 | 4 | 2 |
_uhttp://www.openlibrary.org/books/OL5058560M _zAdditional information and access via Open Library |
| 029 | 1 |
_aAU@ _b000000451371 |
|
| 942 | _cEB | ||
| 506 | _fНеобхідна авторизація на https://archive.org/ (створення облікового запису безкоштовно) | ||
| 506 | _fНеобхідна авторизація на https://openlibrary.org/ (створення облікового запису безкоштовно) | ||
| 999 |
_c510452 _d510452 |
||